[Event "Verona Primavera op-B 3rd"]
[Site "Verona"]
[Date "2023.05.14"]
[Round "4"]
[White "Casarotto, Michele"]
[Black "Gurzoni, Francesco"]
[Result "0-1"]
[WhiteElo "1614"]
[BlackElo "1579"]
[PlyCount "64"]
[EventDate "2023.05.12"]
[EventType "swiss"]
[EventRounds "5"]
[EventCountry "ITA"]
[SourceTitle "EXT 2025"]
[Source "ChessBase"]
[SourceDate "2024.10.14"]
[SourceVersion "1"]
[SourceVersionDate "2024.10.14"]
[SourceQuality "1"]

1. d4 d5 2. c4 e5 3. dxe5 d4 4. a3 Nc6 5. e3 dxe3 6. Qxd8+ Kxd8 7. Bxe3 Nxe5 8. Be2 Be6 9. Nd2 Ne7 10. Ngf3 N7g6 11. 0-0 b6 12. Ng5 Ke8 13. Nxe6 fxe6 14. f4 Nd7 15. b4 a5 16. Nb3 axb4 17. Nd4 Kf7 18. f5 exf5 19. Nxf5 Nf6 20. axb4 Bxb4 21. Bh5 Nxh5 22. Nh6+ Ke6 23. Nf5 c5 24. Rad1 Rad8 25. g4 Nf6 26. Nxg7+ Kf7 27. Rxd8 Rxd8 28. Nh5 Bc3 29. g5 Rd6 30. Bf4 Nxf4 31. gxf6 Nxh5 32. Rf3 Bd4+ 0-1

[Event "Veneto-ch qf 81st"]
[Site "Verona"]
[Date "2022.05.07"]
[Round "2.20"]
[White "Torraca, Luca"]
[Black "Gurzoni, Francesco"]
[Result "0-1"]
[WhiteElo "1047"]
[BlackElo "1540"]
[PlyCount "40"]
[EventDate "2022.05.06"]
[EventType "swiss"]
[EventRounds "5"]
[EventCountry "ITA"]
[SourceTitle "EXT 2024"]
[Source "ChessBase"]
[SourceDate "2023.10.10"]
[SourceVersion "1"]
[SourceVersionDate "2023.10.10"]
[SourceQuality "1"]

1. g3 d5 2. Bg2 c5 3. b3 Nf6 4. Bb2 e6 5. e3 Nc6 6. a3 b6 7. d3 Bb7 8. Nd2 Be7 9. Ne2 0-0 10. Nf4 Rc8 11. g4 e5 12. Nh5 d4 13. Bxc6 Bxc6 14. e4 Nxh5 15. gxh5 Bh4 16. Qg4 Qf6 17. Nf3 Bd7 18. Nxh4 Bxg4 19. Ng2 Qf3 20. 0-0 Bh3 0-1